Bariéry v přístupu osob se zdravotním postižením na trh práce

Problematika prístupu osôb so zdravotným postihnutím na trh práce. Analýza názorov zamestnávateľov a pracovníkov Úradu práce v ČR na prekážky integrácie zdravotne znevýhodnených osôb na pracovný trh.

Guardado en:
Detalles Bibliográficos
Autor principal: Nádvorníková, Lenka
Formato: Capítulo de libro
Lenguaje:checo
Materias:
Etiquetas: Agregar Etiqueta
Sin Etiquetas, Sea el primero en etiquetar este registro!

MARC

LEADER 00000naa a2200000 4500
001 0185281
005 20220729111813.8
041 0 |a cze 
044 |a CZ 
245 1 0 |a Bariéry v přístupu osob se zdravotním postižením na trh práce  |c Lenka Nádvorníková 
520 |a Problematika prístupu osôb so zdravotným postihnutím na trh práce. Analýza názorov zamestnávateľov a pracovníkov Úradu práce v ČR na prekážky integrácie zdravotne znevýhodnených osôb na pracovný trh. 
610 2 0 |a trh práce 
610 2 0 |a zamestnanosť 
610 2 0 |a príležitosť pracovná 
610 2 0 |a úrady práce 
610 2 0 |a osoby zdravotne postihnuté 
610 2 0 |a začlenenie sociálne 
100 1 |a Nádvorníková, Lenka